<?xml version="1.0" encoding="UTF-8"?>
<record
    xmlns:xsi="http://www.w3.org/2001/XMLSchema-instance"
    xsi:schemaLocation="http://www.loc.gov/MARC21/slim http://www.loc.gov/standards/marcxml/schema/MARC21slim.xsd"
    xmlns="http://www.loc.gov/MARC21/slim">

  <leader>00857nam a2200241 a 4500</leader>
  <controlfield tag="001">BRCA_8101</controlfield>
  <controlfield tag="005">20190320210131.0</controlfield>
  <controlfield tag="008">080414s1964----u--####f##---#001-0#eng-#</controlfield>
  <datafield tag="041" ind1=" " ind2=" ">
    <subfield code="a">eng</subfield>
  </datafield>
  <datafield tag="044" ind1=" " ind2=" ">
    <subfield code="a">u</subfield>
  </datafield>
  <datafield tag="050" ind1=" " ind2="4">
    <subfield code="a">QA75.5</subfield>
    <subfield code="b">.D223</subfield>
    <subfield code="c">1964</subfield>
  </datafield>
  <datafield tag="100" ind1="1" ind2=" ">
    <subfield code="a">Darnowsky, Vincent S.</subfield>
    <subfield code="9">20154</subfield>
  </datafield>
  <datafield tag="245" ind1="1" ind2="0">
    <subfield code="a">Computers-Theory and uses</subfield>
    <subfield code="b">a unit for Junior High School clases</subfield>
    <subfield code="c">Vincent S. Darnowsky ; edited by Hugh Allen Jr.</subfield>
  </datafield>
  <datafield tag="260" ind1=" " ind2=" ">
    <subfield code="a">Unites States of America</subfield>
    <subfield code="b">National Science Teachers</subfield>
    <subfield code="c">1964</subfield>
  </datafield>
  <datafield tag="300" ind1=" " ind2=" ">
    <subfield code="a">108 p.</subfield>
    <subfield code="b">il.</subfield>
    <subfield code="c">23 cm.</subfield>
  </datafield>
  <datafield tag="500" ind1=" " ind2=" ">
    <subfield code="a">Y148</subfield>
  </datafield>
  <datafield tag="500" ind1=" " ind2=" ">
    <subfield code="a">Prepared by the Project on Information Processing of the National Science Teachers Association</subfield>
  </datafield>
  <datafield tag="650" ind1="1" ind2="4">
    <subfield code="a">Computadoras</subfield>
    <subfield code="v">Teor&#xED;a</subfield>
    <subfield code="z">Estados Unidos</subfield>
    <subfield code="9">20155</subfield>
  </datafield>
  <datafield tag="650" ind1="1" ind2="4">
    <subfield code="a">Computadoras</subfield>
    <subfield code="v">Aplicaciones</subfield>
    <subfield code="z">Estados Unidos</subfield>
    <subfield code="9">20156</subfield>
  </datafield>
  <datafield tag="700" ind1="1" ind2=" ">
    <subfield code="a">Allen, Hugh</subfield>
    <subfield code="e">ed.</subfield>
    <subfield code="9">20157</subfield>
  </datafield>
  <datafield tag="902" ind1=" " ind2=" ">
    <subfield code="a">GFM</subfield>
  </datafield>
  <datafield tag="942" ind1=" " ind2=" ">
    <subfield code="2">lcc</subfield>
    <subfield code="c">B</subfield>
  </datafield>
  <datafield tag="999" ind1=" " ind2=" ">
    <subfield code="c">7769</subfield>
    <subfield code="d">7769</subfield>
  </datafield>
  <datafield tag="952" ind1=" " ind2=" ">
    <subfield code="0">0</subfield>
    <subfield code="1">0</subfield>
    <subfield code="4">0</subfield>
    <subfield code="7">0</subfield>
    <subfield code="a">BRCA</subfield>
    <subfield code="b">BRCA</subfield>
    <subfield code="d">2014-04-08</subfield>
    <subfield code="i">Y148</subfield>
    <subfield code="l">0</subfield>
    <subfield code="o">QA75.5 .D223 1964 (Y148)</subfield>
    <subfield code="p">8725</subfield>
    <subfield code="r">2019-03-22 00:00:00</subfield>
    <subfield code="w">2019-03-22</subfield>
    <subfield code="y">B</subfield>
  </datafield>
</record>
